| 000 | 00900cab a22001935a 4500 | ||
|---|---|---|---|
| 001 | L141813 | ||
| 008 | 071221e20071123xxk f 000 0 eng d | ||
| 035 | _a(Sirsi) u141813 | ||
| 041 | 0 | _aeng | |
| 100 | 1 | _aLe Breton, Matt | |
| 245 | 0 | 2 | _aA great leap forward |
| 260 | _c2007 | ||
| 490 |
_aNew Law Journal _v157(7298) 23 November 2007, 1637-1638(2) |
||
| 520 | _aExamines the move of the conveyancing structure towards online transactions. E-conveyancing is becoming more practical and has now been endorsed by the government. Some areas of the industry are advancing faster than others. Covered the provision for integrated searches and self-issue online insurance. Looks at issues involved with choosing an online provider and bespoke services. | ||
| 590 | _aKA | ||
| 651 | 4 |
_aUnited Kingdom _y |
|
| 690 | _aPROPERTY-PROPERTY ACQUISITION AND DISPOSAL-CONVEYANCING-ECONVEYANCING | ||
| 942 | _n0 | ||
| 999 |
_c79594 _d79594 |
||